000 00966nam a22003012a 4500
999 _c7627
_d7627
001 011818342
003 UkOxU
005 20170720115953.0
008 860101s1977 enkabc 000 0 eng d
020 _a0582765404 (pbk)
035 _aOCLC ocm16366564 from D960304M
040 _addc
_cddc
_dddc
_beng
050 0 _aGF41
082 _a917
_218
092 _aD0503662154
100 1 0 _aLewis, G. E. D.
_q(Gerwyn Elidor David)
245 1 0 _aPeoples of other lands /
_cG.E.D. Lewis ; edited by Joyce Matadeen
250 _aNew ed
260 _a[Port of Spain] :
_bLongman Caribbean :
_bLongman,
_c1977
300 _a[4], 132 p. :
_bill. (chiefly col.), col. maps, 1 col. port. ;
_c25 cm
490 1 _aCaribbean colour geography
500 _aCol. maps on inside covers
500 _aPrevious ed.: 1967
650 0 _aHuman geography
700 1 _aMatadeen, Joyce.
830 0 _aCaribbean colour geography
942 _2ddc
_cBK